[Event "7th ECh U20 Girls"]
[Site "Baile Herculane ROM"]
[Date "1986.03.22"]
[Round "11"]
[White "Markov, Vesna"]
[Black "Polakova, Petra"]
[Result "1/2-1/2"]
[WhiteElo "2060"]
[BlackElo "2095"]
[EventDate "1986.03.11"]
[PlyCount "129"]

1.d4 d5 2.c4 e6 3.Nc3 Nf6 4.cxd5 exd5 5.Bg5 c6 6.Qc2 Be7 7.e3 O-O 8.Bd3 
Nbd7 9.Nge2 Re8 10.O-O Nf8 11.Rad1 g6 12.f3 Ne6 13.Bh4 a6 14.Kh1 b6 15.e4 
Bb7 16.e5 Nh5 17.Bxe7 Qxe7 18.f4 f5 19.exf6 Nxf6 20.f5 gxf5 21.Bxf5 Kh8 
22.Rd3 Ng5 23.Qc1 Rg8 24.Qf4 Raf8 25.Re3 Nfe4 26.Nxe4 Nxe4 27.g4 Bc8 28.
Ng3 Nxg3+ 29.hxg3 Qg5 30.Qe5+ Rg7 31.Kg2 Bxf5 32.gxf5 Rf6 33.Rf4 h5 34.Kf2
Kh7 35.Ke2 Rgf7 36.Ref3 Qg7 37.Re3 Qg5 38.Qe8 Qg8 39.Qxg8+ Kxg8 40.g4 hxg4
41.Rxg4+ Rg7 42.Rxg7+ Kxg7 43.Ra3 a5 44.Rb3 b5 45.Rc3 Kh6 46.a4 bxa4 47.
Ra3 Kg5 48.Rxa4 Kxf5 49.Kd3 Rh6 50.Rxa5 Rh3+ 51.Kc2 Ke4 52.Ra6 Kxd4 53.
Rxc6 Rh2+ 54.Kb3 Kd3 55.Rc3+ Ke4 56.Rc8 d4 57.Re8+ Kd3 58.Rd8 Ke3 59.Re8+ 
Kd2 60.Kc4 d3 61.Rd8 Rh3 62.b4 Kc2 63.b5 d2 64.Rxd2+ Kxd2 65.b6 1/2-1/2

[Event "7th ECh U20 Girls"]
[Site "Baile Herculane ROM"]
[Date "1986.03.23"]
[Round "12"]
[White "Coull, Alison"]
[Black "Badulescu, Cristina"]
[Result "0-1"]
[WhiteElo "1900"]
[BlackElo "2150"]
[EventDate "1986.03.11"]
[PlyCount "54"]

1.e4 e5 2.Nf3 Nf6 3.Nxe5 d6 4.Nf3 Nxe4 5.Qe2 Qe7 6.d3 Nf6 7.Bg5 Nbd7 8.Nc3
Qxe2+ 9.Bxe2 h6 10.Bh4 g5 11.Bg3 Bg7 12.O-O-O O-O 13.h4 g4 14.Nd2 Nc5 15.
h5 Bd7 16.Nde4 Nfxe4 17.Nxe4 Na4 18.b3 Nb6 19.Bf4 f5 20.Ng3 Nd5 21.Bd2 
Rae8 22.Rde1 Nc3 23.Bxc3 Bxc3 24.Reg1 Bd4 25.Rf1 f4 26.Ne4 d5 27.c3 Bb6 
0-1

[Event "7th ECh U20 Girls"]
[Site "Baile Herculane ROM"]
[Date "1986.03.23"]
[Round "12"]
[White "Peicheva, Vera"]
[Black "Boicu, Smaranda"]
[Result "1-0"]
[WhiteElo "1965"]
[BlackElo "2015"]
[EventDate "1986.03.11"]
[PlyCount "75"]

1.e4 c5 2.Nf3 e6 3.d4 cxd4 4.Nxd4 Nc6 5.Nxc6 bxc6 6.c4 Nf6 7.Bd3 e5 8.O-O 
Be7 9.f4 Qb6+ 10.Kh1 d6 11.f5 g6 12.Nc3 gxf5 13.exf5 Bb7 14.Qe2 h5 15.Bg5 
O-O-O 16.Bxf6 Bxf6 17.Ne4 Be7 18.f6 Bf8 19.b4 Qc7 20.Rab1 Kb8 21.Rfc1 Qd7 
22.b5 c5 23.Rc3 Qg4 24.Qxg4 hxg4 25.Ng5 g3 26.h3 Rh4 27.Bf5 Rf4 28.Nxf7 
Rxf5 29.Nxd8 Rxf6 30.Nxb7 Kxb7 31.Rxg3 Bh6 32.Rf3 Re6 33.Rf7+ Kb6 34.Rd1 
Be3 35.Rd7 Bd4 36.Rf1 e4 37.Rff7 d5 38.Rxa7 1-0

[Event "7th ECh U20 Girls"]
[Site "Baile Herculane ROM"]
[Date "1986.03.23"]
[Round "12"]
[White "Matveeva, Svetlana"]
[Black "Madl, Ildiko"]
[Result "1/2-1/2"]
[WhiteElo "2245"]
[BlackElo "2185"]
[EventDate "1986.03.11"]
[PlyCount "43"]

1.d4 Nf6 2.c4 e6 3.Nc3 Bb4 4.e3 Nc6 5.Ne2 d5 6.a3 Bd6 7.c5 Be7 8.Nf4 O-O 
9.b4 a5 10.b5 Nb8 11.Be2 c6 12.bxc6 b6 13.cxb6 Qxb6 14.O-O Ba6 15.Bd2 Qxc6
16.a4 Bxe2 17.Qxe2 Qd7 18.Rfc1 Nc6 19.Nd3 Rfc8 20.Nb5 Nb4 21.Ne5 Qb7 22.f3
1/2-1/2

[Event "7th ECh U20 Girls"]
[Site "Baile Herculane ROM"]
[Date "1986.03.23"]
[Round "12"]
[White "Polakova, Petra"]
[Black "Trabert, Bettina"]
[Result "1/2-1/2"]
[WhiteElo "2095"]
[BlackElo "2005"]
[EventDate "1986.03.11"]
[PlyCount "158"]

1.e4 e5 2.Nf3 Nc6 3.Bc4 Bc5 4.c3 Nf6 5.d4 exd4 6.O-O Nxe4 7.cxd4 d5 8.dxc5
dxc4 9.Qxd8+ Kxd8 10.Rd1+ Bd7 11.Be3 Ke7 12.Na3 Be6 13.Nb5 Rac8 14.Ng5 
Nxg5 15.Bxg5+ f6 16.Bf4 a6 17.Nxc7 Rhd8 18.Bd6+ Kf7 19.Re1 Bf5 20.Re3 Bd3 
21.Rc1 b6 22.Nd5 bxc5 23.Nb6 Rb8 24.Bxb8 Rxb8 25.Na4 Nd4 26.Rce1 Rb4 27.
Nxc5 Rxb2 28.Nxd3 cxd3 29.Rxd3 Nc2 30.Rd2 Rxa2 31.Rc1 Nb4 32.Rxa2 Nxa2 33.
Ra1 Nb4 34.Ra4 Nd3 35.Rxa6 Kg6 36.f3 Nf4 37.Kf2 Nd5 38.Ra5 Nf4 39.Kg3 Nd3 
40.f4 Kh6 41.Kf3 Kg6 42.Ke3 Nb4 43.Ke4 Nc6 44.Rc5 Ne7 45.Rc7 Kf7 46.g3 Ke6
47.Rb7 g6 48.Kd4 Nf5+ 49.Kc5 h5 50.Rb6+ Ke7 51.Kc6 Ke6 52.Kc7+ Ke7 53.Rb1 
Ng7 54.Re1+ Kf7 55.Kd7 Nf5 56.Re4 g5 57.Kc6 Nh6 58.Kd5 Ng4 59.Re2 Nh6 60.
h3 Nf5 61.fxg5 fxg5 62.Rf2 Kg6 63.Rf3 g4 64.hxg4 hxg4 65.Ra3 Ng7 66.Ke5 
Nh5 67.Ra8 Nxg3 68.Kf4 Nh5+ 69.Kxg4 Nf6+ 70.Kf4 Nh5+ 71.Ke5 Ng7 72.Ra1 Kf7
73.Ra6 Ne8 74.Ra7+ Kg6 75.Rb7 Ng7 76.Rb6+ Kf7 77.Rf6+ Ke7 78.Rf1 Ne8 79.
Ra1 Kf7 1/2-1/2

[Event "7th ECh U20 Girls"]
[Site "Baile Herculane ROM"]
[Date "1986.03.23"]
[Round "12"]
[White "Sziva, Erika"]
[Black "Strzalka, Joanna"]
[Result "1-0"]
[WhiteElo "2040"]
[BlackElo "1990"]
[EventDate "1986.03.11"]
[PlyCount "57"]

1.e4 e5 2.Nf3 Nc6 3.Bb5 Bc5 4.O-O Nd4 5.Nxd4 Bxd4 6.c3 Bb6 7.d4 c6 8.Ba4 
d6 9.Na3 Qh4 10.Bc2 Nf6 11.Nc4 O-O 12.Nxb6 axb6 13.f3 Be6 14.Be3 Bc4 15.
Re1 Rfd8 16.Qc1 h6 17.dxe5 dxe5 18.Bxb6 Re8 19.Bf2 Qh5 20.Bb3 Ba6 21.Qe3 
g5 22.Rad1 Rad8 23.Bg3 Rxd1 24.Rxd1 Kg7 25.Rd6 Qg6 26.Qc5 g4 27.Bh4 gxf3 
28.Bxf6+ Kh7 29.Qf2 1-0

[Event "7th ECh U20 Girls"]
[Site "Baile Herculane ROM"]
[Date "1986.03.25"]
[Round "13"]
[White "Badulescu, Cristina"]
[Black "Peicheva, Vera"]
[Result "1/2-1/2"]
[WhiteElo "2150"]
[BlackElo "1965"]
[EventDate "1986.03.11"]
[PlyCount "22"]

1.Nf3 Nf6 2.d4 g6 3.Nbd2 Bg7 4.e4 d6 5.Bd3 O-O 6.O-O Nbd7 7.Qe2 e5 8.dxe5 
dxe5 9.Rd1 Qe7 10.Nc4 Kh8 11.b3 Nh5 1/2-1/2

[Event "7th ECh U20 Girls"]
[Site "Baile Herculane ROM"]
[Date "1986.03.25"]
[Round "13"]
[White "Drewes, Mariette"]
[Black "Sziva, Erika"]
[Result "1-0"]
[WhiteElo "1940"]
[BlackElo "2040"]
[EventDate "1986.03.11"]
[PlyCount "111"]

1.e4 d5 2.exd5 Qxd5 3.Nc3 Qa5 4.d4 Nf6 5.Bd2 c6 6.Nf3 Bg4 7.h3 Bh5 8.g4 
Bg6 9.Ne5 Qb6 10.f4 Be4 11.Nxe4 Nxe4 12.Bc1 e6 13.Qd3 Nf6 14.Bg2 Na6 15.
Qb3 Qc7 16.Bd2 O-O-O 17.Qa4 Nd5 18.c3 f6 19.Nd3 h5 20.O-O-O Bd6 21.f5 exf5
22.Bxd5 cxd5 23.gxf5 Bg3 24.Rhf1 Qb6 25.Bf4 h4 26.Rg1 Rh5 27.Bxg3 hxg3 28.
Rxg3 Qc7 29.Rdg1 Rd7 30.Rxg7 Rxh3 31.Qxd7+ Qxd7 32.Rxd7 Kxd7 33.Nf4 Rf3 
34.Nxd5 Rxf5 35.c4 Kd6 36.Rg7 Nb8 37.Rxb7 Nc6 38.Rf7 Rf1+ 39.Kd2 Ke6 40.
Rh7 Nxd4 41.Rxa7 f5 42.Ke3 Nc6 43.Rh7 Ke5 44.Rh2 Nd4 45.Rf2 Re1+ 46.Kd2 
Ra1 47.Nc3 Rh1 48.b4 f4 49.b5 Rh8 50.a4 Rd8 51.Nd5 f3 52.Kd3 Ra8 53.Nb6 
Ra7 54.Ke3 Ne6 55.Rxf3 Nc5 56.Rh3 1-0

[Event "7th ECh U20 Girls"]
[Site "Baile Herculane ROM"]
[Date "1986.03.25"]
[Round "13"]
[White "Boicu, Smaranda"]
[Black "Markov, Vesna"]
[Result "1-0"]
[WhiteElo "2015"]
[BlackElo "2060"]
[EventDate "1986.03.11"]
[PlyCount "43"]

1.e4 c5 2.Nf3 d6 3.d4 cxd4 4.Nxd4 Nf6 5.Nc3 Nc6 6.Bc4 e6 7.Be3 a6 8.Qe2 
Bd7 9.O-O-O Qc7 10.Bb3 b5 11.Rhe1 Na5 12.Bg5 Be7 13.f4 O-O 14.Kb1 Nxb3 15.
axb3 b4 16.e5 bxc3 17.exf6 Bxf6 18.Bxf6 gxf6 19.Qh5 Kg7 20.Rd3 Rh8 21.Nf5+
Kf8 22.Qh6+ 1-0

[Event "7th ECh U20 Girls"]
[Site "Baile Herculane ROM"]
[Date "1986.03.25"]
[Round "13"]
[White "Strzalka, Joanna"]
[Black "Coull, Alison"]
[Result "1-0"]
[WhiteElo "1990"]
[BlackElo "1900"]
[EventDate "1986.03.11"]
[PlyCount "73"]

1.e4 e6 2.d4 d5 3.e5 c5 4.c3 Nc6 5.Nf3 Qb6 6.a3 c4 7.g3 f6 8.exf6 Nxf6 9.
Bg2 Bd6 10.O-O O-O 11.Qe2 Ne4 12.Nbd2 Nxd2 13.Nxd2 Bd7 14.f4 Rae8 15.Nf3 
Be7 16.Be3 Qc7 17.Rae1 b5 18.Nd2 a5 19.Qh5 Rf5 20.Qh3 Bd6 21.g4 Rf6 22.f5 
exf5 23.g5 Rg6 24.Bxd5+ Be6 25.Bxe6+ Rgxe6 26.d5 Rxe3 27.Rxe3 Bc5 28.Kh1 
Bxe3 29.Nf3 Ne5 30.Qxf5 Nxf3 31.Rxf3 Bc5 32.Rf1 Qe7 33.d6 Bxd6 34.Qxb5 
Qe4+ 35.Kg1 Qg4+ 36.Kh1 Qh4 37.Qxe8+ 1-0

[Event "7th ECh U20 Girls"]
[Site "Baile Herculane ROM"]
[Date "1986.03.25"]
[Round "13"]
[White "Trabert, Bettina"]
[Black "Matveeva, Svetlana"]
[Result "1/2-1/2"]
[WhiteElo "2005"]
[BlackElo "2245"]
[EventDate "1986.03.11"]
[PlyCount "96"]

1.e4 g6 2.d4 Bg7 3.c3 c6 4.Bd3 d5 5.e5 Nh6 6.Nf3 f6 7.exf6 exf6 8.O-O O-O 
9.Re1 Nd7 10.Bf4 Re8 11.Rxe8+ Qxe8 12.Qe2 Qxe2 13.Bxe2 Nf8 14.Bd3 Bg4 15.
Nbd2 Ne6 16.Bg3 Bf5 17.Bxf5 Nxf5 18.Re1 Kf7 19.Kf1 Re8 20.Nb3 b6 21.Re2 
Bh6 22.Ke1 Nxg3 23.hxg3 Nc7 24.Rxe8 Nxe8 25.Ke2 Nd6 26.Nfd2 Nc4 27.Nxc4 
dxc4 28.Nd2 Bxd2 29.Kxd2 Ke6 30.Ke3 Kd5 31.f3 a5 32.Kf4 h6 33.Ke3 h5 34.
Kf4 Ke6 35.Ke4 f5+ 36.Kf4 Kf6 37.Ke3 g5 38.Kf2 f4 39.g4 hxg4 40.fxg4 Ke6 
41.g3 fxg3+ 42.Kxg3 Kd5 43.Kf3 b5 44.a3 b4 45.a4 b3 46.Ke3 Kd6 47.Ke4 Ke6 
48.Ke3 Kd5 1/2-1/2